| 000 | 00690nam a2200241Ia 4500 | ||
|---|---|---|---|
| 003 | OSt | ||
| 005 | 20221005070206.0 | ||
| 006 | a|||||r|||| 00| 0 | ||
| 007 | ta | ||
| 008 | 221004b |||||||| |||| 00| 0 tam d | ||
| 024 | _a63783 | ||
| 037 | _cTextual | ||
| 040 |
_aCRL _cCRL _btam |
||
| 041 |
_2tam _atam |
||
| 082 | _aP31:3, M6 | ||
| 100 |
_aNadaraja Pillai N. Au. _9605427 |
||
| 245 | 0 | _aA Guide for Advanced Learners of Tamil | |
| 260 |
_aMysore _bCentral Institute of Indian Languages Manasagangotri Mysore India _c1986 |
||
| 300 |
_a236p. _ccm. |
||
| 650 | _aLINGUISTICS | ||
| 942 |
_hP31:3, M6 _cTEXL _2cc |
||
| 999 |
_c975811 _d975811 |
||